2026/27 Bundesliga Mannschaften - Statistiken

Allgemein
  • Dieses Quiz wurde 33 mal gespielt
  • Das Durchschnittsergebnis liegt bei 16 aus 17
Antwortstatistiken
Teams % Korrekt
Borussia Dortmund
100%
Bayern München
97%
Hamburger SV
97%
Schalke 04
97%
Vfb Stuttgart
97%
1. FC Köln
94%
Eintracht Frankfurt
94%
FC Augsburg
94%
RB Leipzig
94%
SV Elversberg
94%
Bayer 04 Leverkusen
91%
Borussia Mönchengladbach
91%
Mainz 05
91%
SC Freiburg
91%
TSG Hoffenheim
88%
Union Berlin
84%
Werder Bremen
84%
Keine übereinstimmenden Quizze gefunden
Verteilung der Resultate
Anzahl Personen mit jedem Resultat
Perzentil nach korrekt beantworteten Fragen
Ihre Resultats-Entwicklung
Sie haben dieses Quiz noch nicht gespielt